000 00353pab a2200145 454500
008 180718b1987 xxu||||| |||| 00| 0 eng d
100 _aSalamon, Lester M.
245 _aRise of third - party government
260 _c1987
300 _a27-31
362 _aSummer
650 _aPublic Administration - U.S.A.
773 _aBureaucrat
909 _a16606
999 _c16606
_d16606